000 00863cab a22002295a 4500
001 L146197
008 081216e20081213xxkdo f s 000 0 eng d
035 _a(Sirsi) u146197
041 0 _aeng
100 1 _aOsborne, Helen
245 0 0 _aEG industrial
260 _c2008
490 _aEstates Gazette
_v(0849) 13 December 2008, 51-67(9)
520 _aProvides a market overview and commentary on the outlook for the industrial property sector in the UK during 2009, an article on the future of struggling company ProLogis and a case study on the industrial market in China, where foreign developers remain keen to invest despite the current economic climate.
590 _aKA
651 4 _aUnited Kingdom
_y
651 4 _aChina
690 _aPROPERTY-PROPERTY FINANCE AND INVESTMENT
700 1 _aClift, Patrick
700 1 _aHarris, David
942 _n0
999 _c81076
_d81076